<?xml version="1.0" encoding="UTF-8"?>
<record
    xmlns:xsi="http://www.w3.org/2001/XMLSchema-instance"
    xsi:schemaLocation="http://www.loc.gov/MARC21/slim http://www.loc.gov/standards/marcxml/schema/MARC21slim.xsd"
    xmlns="http://www.loc.gov/MARC21/slim">

  <leader>01953nam0a2200373   4500</leader>
  <controlfield tag="001">RU\NLR\BIBL_A\011749908</controlfield>
  <controlfield tag="005">20180828110742.0</controlfield>
  <datafield tag="010" ind1=" " ind2=" ">
    <subfield code="a">978-5-91759-373-9</subfield>
    <subfield code="9">5000</subfield>
  </datafield>
  <datafield tag="021" ind1=" " ind2=" ">
    <subfield code="a">RU</subfield>
    <subfield code="b">&#x41A;&#x41D;-&#x41F;-18-043659</subfield>
    <subfield code="9">&#x41A;&#x41D;-&#x41F;-18-3154</subfield>
  </datafield>
  <datafield tag="035" ind1=" " ind2=" ">
    <subfield code="a">(NLR Aleph) 011749908</subfield>
  </datafield>
  <datafield tag="035" ind1=" " ind2=" ">
    <subfield code="a">(RuMoRGB)009660725</subfield>
  </datafield>
  <datafield tag="090" ind1=" " ind2=" ">
    <subfield code="a">11624714</subfield>
    <subfield code="c">11624714</subfield>
  </datafield>
  <datafield tag="100" ind1=" " ind2=" ">
    <subfield code="a">20180716d2018    u  y0rusy50      ca</subfield>
  </datafield>
  <datafield tag="101" ind1="1" ind2=" ">
    <subfield code="a">rus</subfield>
    <subfield code="c">por</subfield>
  </datafield>
  <datafield tag="102" ind1=" " ind2=" ">
    <subfield code="a">RU</subfield>
  </datafield>
  <datafield tag="105" ind1=" " ind2=" ">
    <subfield code="a">a|||z|||000zy</subfield>
  </datafield>
  <datafield tag="200" ind1="1" ind2=" ">
    <subfield code="a">&#x428;&#x430;&#x433;&#x43D;&#x438; &#x437;&#x430; &#x43F;&#x43E;&#x440;&#x43E;&#x433;</subfield>
    <subfield code="e">&#x43F;&#x443;&#x442;&#x435;&#x432;&#x43E;&#x434;&#x438;&#x442;&#x435;&#x43B;&#x44C; &#x43F;&#x43E; &#x43F;&#x440;&#x438;&#x440;&#x43E;&#x434;&#x435;</subfield>
    <subfield code="e">[&#x434;&#x43B;&#x44F; &#x43C;&#x43B;&#x430;&#x434;&#x448;&#x435;&#x433;&#x43E; &#x438; &#x441;&#x440;&#x435;&#x434;&#x43D;&#x435;&#x433;&#x43E; &#x448;&#x43A;&#x43E;&#x43B;&#x44C;&#x43D;&#x43E;&#x433;&#x43E; &#x432;&#x43E;&#x437;&#x440;&#x430;&#x441;&#x442;&#x430;]</subfield>
    <subfield code="f">&#x41C;&#x430;&#x440;&#x438;&#x44F; &#x410;&#x43D;&#x430; &#x41F;&#x435;&#x439;&#x448;&#x435; &#x414;&#x438;&#x430;&#x448;, &#x418;&#x43D;&#x435;&#x448; &#x422;&#x435;&#x439;&#x448;&#x435;&#x439;&#x440;&#x430; &#x434;&#x443; &#x420;&#x43E;&#x437;&#x430;&#x440;&#x438;&#x443;, &#x411;&#x435;&#x440;&#x43D;&#x430;&#x440;&#x434;&#x443; &#x41F;. &#x41A;&#x430;&#x440;&#x432;&#x430;&#x43B;&#x44C;&#x44E;</subfield>
    <subfield code="g">[&#x43F;&#x435;&#x440;&#x435;&#x432;&#x43E;&#x434; &#x441; &#x43F;&#x43E;&#x440;&#x442;&#x443;&#x433;&#x430;&#x43B;&#x44C;&#x441;&#x43A;&#x43E;&#x433;&#x43E; &#x410;&#x43B;&#x435;&#x43A;&#x441;&#x435;&#x44F; &#x41D;&#x43E;&#x432;&#x43E;&#x441;&#x451;&#x43B;&#x43E;&#x432;&#x430; &#x438; &#x415;&#x43A;&#x430;&#x442;&#x435;&#x440;&#x438;&#x43D;&#x44B; &#x425;&#x43E;&#x432;&#x430;&#x43D;&#x43E;&#x432;&#x438;&#x447;</subfield>
    <subfield code="e">&#x430;&#x434;&#x430;&#x43F;&#x442;&#x438;&#x440;&#x43E;&#x432;&#x430;&#x43D;&#x43E; &#x41D;&#x430;&#x434;&#x435;&#x436;&#x434;&#x43E;&#x439; &#x411;&#x435;&#x43B;&#x435;&#x43D;&#x44C;&#x43A;&#x43E;&#x439; &#x438; &#x44D;&#x43A;&#x43E;&#x43B;&#x43E;&#x433;&#x43E;&#x43C; &#x415;&#x43B;&#x435;&#x43D;&#x43E;&#x439; &#x412;&#x430;&#x43D;&#x438;&#x441;&#x43E;&#x432;&#x43E;&#x439;]</subfield>
  </datafield>
  <datafield tag="210" ind1=" " ind2=" ">
    <subfield code="a">&#x41C;&#x43E;&#x441;&#x43A;&#x432;&#x430;</subfield>
    <subfield code="c">&#x421;&#x430;&#x43C;&#x43E;&#x43A;&#x430;&#x442;</subfield>
    <subfield code="d">2018</subfield>
  </datafield>
  <datafield tag="215" ind1=" " ind2=" ">
    <subfield code="a">361, [6] &#x441;.</subfield>
    <subfield code="c">&#x438;&#x43B;., &#x446;&#x432;. &#x438;&#x43B;.</subfield>
    <subfield code="d">23</subfield>
    <subfield code="e">0+</subfield>
  </datafield>
  <datafield tag="300" ind1=" " ind2=" ">
    <subfield code="a">&#x412; &#x432;&#x44B;&#x43F;. &#x434;&#x430;&#x43D;. &#x430;&#x432;&#x442;.: &#x41C;&#x430;&#x440;&#x438;&#x44F; &#x410;&#x43D;&#x430; &#x41F;&#x435;&#x439;&#x448;&#x435; &#x414;&#x438;&#x430;&#x448;, &#x418;&#x43D;&#x435;&#x448; &#x422;&#x435;&#x439;&#x448;&#x435;&#x439;&#x440;&#x430; &#x434;&#x443; &#x420;&#x43E;&#x437;&#x430;&#x440;&#x438;&#x443;</subfield>
  </datafield>
  <datafield tag="333" ind1=" " ind2=" ">
    <subfield code="a">0+</subfield>
  </datafield>
  <datafield tag="606" ind1="1" ind2=" ">
    <subfield code="a">&#x416;&#x438;&#x432;&#x430;&#x44F; &#x43F;&#x440;&#x438;&#x440;&#x43E;&#x434;&#x430;</subfield>
    <subfield code="j">&#x41F;&#x43E;&#x43F;&#x443;&#x43B;&#x44F;&#x440;&#x43D;&#x44B;&#x435; &#x438;&#x437;&#x434;&#x430;&#x43D;&#x438;&#x44F;</subfield>
    <subfield code="2">nlr_sh1</subfield>
    <subfield code="2">nlr_sh2</subfield>
    <subfield code="3">RU\NLR\AUTH\66427119</subfield>
  </datafield>
  <datafield tag="686" ind1="0" ind2=" ">
    <subfield code="a">&#x428;9</subfield>
    <subfield code="b">&#x415;08</subfield>
  </datafield>
  <datafield tag="686" ind1="1" ind2=" ">
    <subfield code="a">&#x415;085&#x44F;9</subfield>
  </datafield>
  <datafield tag="700" ind1=" " ind2="1">
    <subfield code="a">&#x414;&#x438;&#x430;&#x448;</subfield>
    <subfield code="b">&#x41C;. &#x410;. &#x41F;.</subfield>
    <subfield code="f">1976-</subfield>
    <subfield code="g">&#x41C;&#x430;&#x440;&#x438;&#x44F; &#x410;&#x43D;&#x430; &#x41F;&#x435;&#x439;&#x448;&#x435;</subfield>
    <subfield code="3">RU\NLR\AUTH\770191933</subfield>
  </datafield>
  <datafield tag="701" ind1=" " ind2="1">
    <subfield code="a">&#x420;&#x43E;&#x437;&#x430;&#x440;&#x438;&#x443;</subfield>
    <subfield code="b">&#x418;. &#x422;. &#x434;&#x443;</subfield>
    <subfield code="f">1973-</subfield>
    <subfield code="g">&#x418;&#x43D;&#x435;&#x448; &#x422;&#x435;&#x439;&#x448;&#x435;&#x439;&#x440;&#x430; &#x434;&#x443;</subfield>
    <subfield code="3">RU\NLR\AUTH\770191940</subfield>
  </datafield>
  <datafield tag="701" ind1=" " ind2="1">
    <subfield code="a">&#x41A;&#x430;&#x440;&#x432;&#x430;&#x43B;&#x44C;&#x44E;</subfield>
    <subfield code="b">&#x411;. &#x41F;.</subfield>
    <subfield code="f">1973-</subfield>
    <subfield code="g">&#x411;&#x435;&#x440;&#x43D;&#x430;&#x440;&#x434;&#x443; &#x41F;.</subfield>
  </datafield>
  <datafield tag="702" ind1=" " ind2="1">
    <subfield code="a">&#x411;&#x435;&#x43B;&#x435;&#x43D;&#x44C;&#x43A;&#x430;&#x44F;</subfield>
    <subfield code="b">&#x41D;. &#x41C;.</subfield>
    <subfield code="g">&#x41D;&#x430;&#x434;&#x435;&#x436;&#x434;&#x430; &#x41C;&#x430;&#x440;&#x438;&#x43E;&#x432;&#x43D;&#x430;</subfield>
    <subfield code="4">570</subfield>
  </datafield>
  <datafield tag="942" ind1=" " ind2=" ">
    <subfield code="c">BOOK</subfield>
  </datafield>
  <datafield tag="980" ind1=" " ind2=" ">
    <subfield code="a">NBR</subfield>
  </datafield>
  <datafield tag="980" ind1=" " ind2=" ">
    <subfield code="a">NB</subfield>
  </datafield>
</record>
